000 00684nam a2200241Ia 4500
003 OSt
005 20221005022527.0
006 a|||||r|||| 00| 0
007 ta
008 221004b |||||||| |||| 00| 0 eng d
024 _a64235
037 _cTextual
040 _aCRL
_cCRL
_beng
041 _2eng
_aeng
082 _aW81.1, M9
100 _aSatish Chandra
245 0 _aInternational terrorism and it's control
_b Developing international law and operational mechanisms
260 _aAllahabad
_bVohra India
_c1989
300 _a122p.
_ccm.
650 _aPOLITICAL SCIENCE
942 _hW81.1, M9
_cTEXL
_2cc
999 _c929560
_d929560